Top 20 TV Markets Quiz Stats

 Plays Quiz not verified by Sporcle

Challenge
Share
Tweet
Embed
Score 0/20 Timer 06:00
0 Plays Today
% Correct
New York City
99.2%
Los Angeles
98.6%
Chicago
96.4%
Miami-Fort Lauderdale
94.8%
Dallas-Fort Worth
94.2%
San Francisco-Oakland-San Jose
92.3%
Boston
92.3%
Houston
90.1%
Philadelphia
88.5%
Seattle
84.7%
% Correct
Detroit
84.4%
Washington DC
83.8%
Atlanta
82.2%
Phoenix
78.4%
Denver
76.4%
Cleveland-Akron
75.9%
Minneapolis-St. Paul
73.2%
Orlando-Daytona Beach
67.1%
Tampa-St. Petersburg
62.5%
Sacramento-Stockton-Modesto
38.9%

You're not logged in!

Compare scores with friends on all Sporcle quizzes.
OR
Log In

You Might Also Like...

Show Comments

Extras

Top Quizzes Today


Score Distribution

Your Account Isn't Verified!

In order to create a playlist on Sporcle, you need to verify the email address you used during registration. Go to your Sporcle Settings to finish the process.

Report this User

Report this user for behavior that violates our Community Guidelines.

Details: